|
|
|
|
| LEADER |
00000cam a2200000 7i4500 |
| 001 |
0000001614 |
| 002 |
000001762 |
| 005 |
20000330.0 |
| 020 |
|
|
|a 0688119379
|
| 090 |
0 |
0 |
|a 649.1
|b BEE
|
| 100 |
0 |
|
|a Beckman, Susan
|
| 245 |
1 |
0 |
|a Battles, hassles, tantrums & tears :
|b strategies for coping with conflict and making peace at home
|c Susan Beckman and Jeanne Holmes
|
| 260 |
|
|
|a New York :
|b Hearst Books ,
|c 1993
|
| 300 |
|
|
|a 222p. ;
|c 24cm.
|
| 490 |
0 |
|
|a A Good housekeeping parent guide
|
| 650 |
0 |
0 |
|a Conflict management
|
| 650 |
0 |
0 |
|a Parenting
|
| 999 |
|
|
|a 034526
|b BUKU
|c PINJAMAN
|e PERPUSTAKAAN KOMUNITI PETALING JAYA
|